All Lord of the Rings and The Hobbit Characters-A - Statistics

General Stats
  • This quiz has been taken 31 times
  • The average score is 4 of 14
Answer Stats
Times Mentioned Answer % Correct
716 Aragorn
94%
15 Arwen
82%
21 Arathorn
53%
4 Anarion
35%
1 Azog
35%
1 Arvedui
24%
11 Anborn
18%
1 Ancalagon
18%
1 Andy
18%
4 Angbor
18%
1 Angelica
18%
8 Arod
18%
1 Aldor
12%
1 Adelard
6%
No matching quizzes found
Score Distribution
Percent of People with Each Score
Percentile by Number Answered
Your Score History
You have not taken this quiz